Lex Localis

Detalles Bibliográficos
Formato: Seriadas
Lenguaje:esloveno
Publicado: Maribor : Institute for Local Self-Government and Public Procurement Maribor, 2003-
Materias:
Acceso en línea:http://www.vlex.com/source/7223

MARC

LEADER 00000nas a22000007a 4500
005 20130311154058.0
007 cr|||| ||||
008 130311c20039999xv qr| s|||| 0|||a1slv d
035 |a 7223 
040 |a vLex 
090 |c 3886  |d 3886 
245 0 0 |a Lex Localis  |h [Recurso electrn̤ico]  
256 |a Servicio en ln̕ea 
260 |a Maribor :  |b Institute for Local Self-Government and Public Procurement Maribor,  |c 2003- 
300 |a 1 Recurso electrn̤ico 
506 |d vLex Global  |d vLex Global (Academic Edition, excluding Law Schools)  |d vLex Global (U.S. Academic Edition, Law Schools)  |d vLex Global (U.S. Academic Edition, excluding Law Schools)  |d vLex Global (Academic Edition, Law Schools) 
650 0 4 |a Derecho   |v Revistas  |z Eslovenia 
740 |a vLex Revistas (Servicio en ln̕ea) 
856 |a Acceso restringido  |u http://www.vlex.com/source/7223 
942 |c REV